<?xml version="1.0" encoding="UTF-8"?>
<record
    xmlns:xsi="http://www.w3.org/2001/XMLSchema-instance"
    xsi:schemaLocation="http://www.loc.gov/MARC21/slim http://www.loc.gov/standards/marcxml/schema/MARC21slim.xsd"
    xmlns="http://www.loc.gov/MARC21/slim">

  <leader>02051nam2a2200361   4500</leader>
  <controlfield tag="001">RU\NLR\BIBL_A\010361185</controlfield>
  <controlfield tag="005">20250614042732.0</controlfield>
  <datafield tag="010" ind1=" " ind2=" ">
    <subfield code="a">978-5-4317-0095-8</subfield>
    <subfield code="9">100</subfield>
  </datafield>
  <datafield tag="021" ind1=" " ind2=" ">
    <subfield code="a">RU</subfield>
    <subfield code="b">2014-20714</subfield>
    <subfield code="9">1285</subfield>
  </datafield>
  <datafield tag="035" ind1=" " ind2=" ">
    <subfield code="a">(NLR Aleph) 010361185</subfield>
  </datafield>
  <datafield tag="090" ind1=" " ind2=" ">
    <subfield code="a">9576881</subfield>
    <subfield code="c">9576881</subfield>
  </datafield>
  <datafield tag="100" ind1=" " ind2=" ">
    <subfield code="a">20140526d2014    |||y0rusy50      ca</subfield>
  </datafield>
  <datafield tag="101" ind1="0" ind2=" ">
    <subfield code="a">rus</subfield>
  </datafield>
  <datafield tag="102" ind1=" " ind2=" ">
    <subfield code="a">RU</subfield>
  </datafield>
  <datafield tag="105" ind1=" " ind2=" ">
    <subfield code="a">ac||z|||001zy</subfield>
  </datafield>
  <datafield tag="200" ind1="1" ind2=" ">
    <subfield code="a">&#x41E;&#x431;&#x449;&#x435;&#x441;&#x442;&#x432;&#x435;&#x43D;&#x43D;&#x430;&#x44F; &#x43E;&#x440;&#x433;&#x430;&#x43D;&#x438;&#x437;&#x430;&#x446;&#x438;&#x44F; &#x433;. &#x421;&#x430;&#x43C;&#x430;&#x440;&#x430;, &#x441;&#x43F;&#x43E;&#x440;&#x442;&#x438;&#x432;&#x43D;&#x44B;&#x439; &#x43A;&#x43B;&#x443;&#x431; &#x43B;&#x435;&#x433;&#x43A;&#x43E;&#x439; &#x430;&#x442;&#x43B;&#x435;&#x442;&#x438;&#x43A;&#x438; "&#x41A;&#x43E;&#x441;&#x43C;&#x43E;&#x441;"</subfield>
  </datafield>
  <datafield tag="210" ind1=" " ind2=" ">
    <subfield code="d">2014</subfield>
    <subfield code="a">&#x411;. &#x43C;.</subfield>
  </datafield>
  <datafield tag="215" ind1=" " ind2=" ">
    <subfield code="a">143 &#x441;.</subfield>
    <subfield code="c">&#x438;&#x43B;., &#x43F;&#x43E;&#x440;&#x442;&#x440;.</subfield>
  </datafield>
  <datafield tag="300" ind1=" " ind2=" ">
    <subfield code="a">&#x41D;&#x430; 4-&#x439; &#x441;. &#x43E;&#x431;&#x43B;. &#x430;&#x432;&#x442;.: &#x412;.&#x421;. &#x41B;&#x43E;&#x431;&#x430;&#x447;&#x435;&#x432;, &#x434;&#x43E;&#x446;.</subfield>
  </datafield>
  <datafield tag="320" ind1=" " ind2=" ">
    <subfield code="a">&#x411;&#x438;&#x431;&#x43B;&#x438;&#x43E;&#x433;&#x440;. &#x432; &#x442;&#x435;&#x43A;&#x441;&#x442;&#x435;</subfield>
  </datafield>
  <datafield tag="461" ind1=" " ind2="0">
    <subfield code="1">001RU\NLR\bibl\2047659</subfield>
    <subfield code="1">2001#$a&#x41C;&#x43E;&#x44F; &#x43D;&#x435;&#x43B;&#x435;&#x433;&#x43A;&#x430;&#x44F; &#x43B;&#x435;&#x433;&#x43A;&#x430;&#x44F; &#x430;&#x442;&#x43B;&#x435;&#x442;&#x438;&#x43A;&#x430;$e[&#x43E;&#x447;&#x435;&#x440;&#x43A;&#x438; &#x43E; &#x43B;&#x435;&#x433;&#x43A;&#x43E;&#x439; &#x430;&#x442;&#x43B;&#x435;&#x442;&#x438;&#x43A;&#x435;]$f&#x441;&#x43E;&#x441;&#x442;. &#x438; &#x43E;&#x431;&#x449;. &#x440;&#x435;&#x434;. &#x412;. &#x421;. &#x41B;&#x43E;&#x431;&#x430;&#x447;&#x435;&#x432;&#x430;$v&#x427;. 2</subfield>
    <subfield code="9">4567756</subfield>
    <subfield code="c">&#x421;&#x430;&#x43C;&#x430;&#x440;&#x430;</subfield>
    <subfield code="d">2013</subfield>
    <subfield code="f">&#x441;&#x43E;&#x441;&#x442;. &#x438; &#x43E;&#x431;&#x449;. &#x440;&#x435;&#x434;. &#x412;. &#x421;. &#x41B;&#x43E;&#x431;&#x430;&#x447;&#x435;&#x432;&#x430;</subfield>
    <subfield code="n">&#x418;&#x43D;&#x441;&#x43E;&#x43C;&#x430;-&#x43F;&#x440;&#x435;&#x441;&#x441;</subfield>
    <subfield code="o">[&#x43E;&#x447;&#x435;&#x440;&#x43A;&#x438; &#x43E; &#x43B;&#x435;&#x433;&#x43A;&#x43E;&#x439; &#x430;&#x442;&#x43B;&#x435;&#x442;&#x438;&#x43A;&#x435;]</subfield>
    <subfield code="t">&#x41C;&#x43E;&#x44F; &#x43D;&#x435;&#x43B;&#x435;&#x433;&#x43A;&#x430;&#x44F; &#x43B;&#x435;&#x433;&#x43A;&#x430;&#x44F; &#x430;&#x442;&#x43B;&#x435;&#x442;&#x438;&#x43A;&#x430;</subfield>
    <subfield code="v">&#x427;. 2</subfield>
  </datafield>
  <datafield tag="601" ind1="0" ind2="2">
    <subfield code="a">"&#x41A;&#x43E;&#x441;&#x43C;&#x43E;&#x441;", &#x441;&#x43F;&#x43E;&#x440;&#x442;&#x438;&#x432;&#x43D;&#x44B;&#x439; &#x43A;&#x43B;&#x443;&#x431; &#x43B;&#x435;&#x433;&#x43A;&#x43E;&#x439; &#x430;&#x442;&#x43B;&#x435;&#x442;&#x438;&#x43A;&#x438;</subfield>
    <subfield code="c">&#x421;&#x430;&#x43C;&#x430;&#x440;&#x430;, &#x433;&#x43E;&#x440;&#x43E;&#x434;</subfield>
    <subfield code="9">2180551</subfield>
    <subfield code="3">RU\NLR\AUTH\6601547895</subfield>
  </datafield>
  <datafield tag="606" ind1="1" ind2=" ">
    <subfield code="a">&#x424;&#x438;&#x437;&#x438;&#x447;&#x435;&#x441;&#x43A;&#x430;&#x44F; &#x43A;&#x443;&#x43B;&#x44C;&#x442;&#x443;&#x440;&#x430; &#x438; &#x441;&#x43F;&#x43E;&#x440;&#x442;</subfield>
    <subfield code="x">&#x412;&#x44B;&#x441;&#x448;&#x430;&#x44F; &#x448;&#x43A;&#x43E;&#x43B;&#x430;</subfield>
    <subfield code="y">&#x421;&#x43E;&#x435;&#x434;&#x438;&#x43D;&#x451;&#x43D;&#x43D;&#x44B;&#x435; &#x428;&#x442;&#x430;&#x442;&#x44B; &#x410;&#x43C;&#x435;&#x440;&#x438;&#x43A;&#x438;</subfield>
    <subfield code="9">2345827</subfield>
    <subfield code="3">RU\NLR\AUTH\6601625085</subfield>
  </datafield>
  <datafield tag="606" ind1="1" ind2=" ">
    <subfield code="a">&#x41B;&#x435;&#x433;&#x43A;&#x430;&#x44F; &#x430;&#x442;&#x43B;&#x435;&#x442;&#x438;&#x43A;&#x430;</subfield>
    <subfield code="x">&#x421;&#x43E;&#x440;&#x435;&#x432;&#x43D;&#x43E;&#x432;&#x430;&#x43D;&#x438;&#x44F;</subfield>
    <subfield code="y">&#x420;&#x43E;&#x441;&#x441;&#x438;&#x439;&#x441;&#x43A;&#x430;&#x44F; &#x424;&#x435;&#x434;&#x435;&#x440;&#x430;&#x446;&#x438;&#x44F;</subfield>
    <subfield code="9">2218995</subfield>
    <subfield code="3">RU\NLR\AUTH\6601565860</subfield>
  </datafield>
  <datafield tag="686" ind1="1" ind2=" ">
    <subfield code="a">&#x427;517.114(2&#x420;-4&#x421;-2&#x421;)7</subfield>
  </datafield>
  <datafield tag="686" ind1="1" ind2=" ">
    <subfield code="a">&#x427;511.1,6(2)531.8</subfield>
  </datafield>
  <datafield tag="686" ind1="1" ind2=" ">
    <subfield code="a">&#x427;511.1,6(2&#x420;-4&#x421;-2&#x421;)531.8</subfield>
  </datafield>
  <datafield tag="686" ind1="1" ind2=" ">
    <subfield code="a">&#x427;517.114(2&#x420;)9&#x433;</subfield>
  </datafield>
  <datafield tag="712" ind1="0" ind2="2">
    <subfield code="4">570</subfield>
    <subfield code="a">"&#x41A;&#x43E;&#x441;&#x43C;&#x43E;&#x441;", &#x441;&#x43F;&#x43E;&#x440;&#x442;&#x438;&#x432;&#x43D;&#x44B;&#x439; &#x43A;&#x43B;&#x443;&#x431; &#x43B;&#x435;&#x433;&#x43A;&#x43E;&#x439; &#x430;&#x442;&#x43B;&#x435;&#x442;&#x438;&#x43A;&#x438;</subfield>
    <subfield code="c">&#x421;&#x430;&#x43C;&#x430;&#x440;&#x430;</subfield>
    <subfield code="9">385298</subfield>
    <subfield code="3">RU\NLR\AUTH\880358944</subfield>
  </datafield>
  <datafield tag="942" ind1=" " ind2=" ">
    <subfield code="c">BOOK</subfield>
  </datafield>
  <datafield tag="980" ind1=" " ind2=" ">
    <subfield code="a">NB</subfield>
  </datafield>
  <datafield tag="995" ind1=" " ind2=" ">
    <subfield code="5">2014-05-26</subfield>
    <subfield code="a">ad</subfield>
    <subfield code="b">NLR01</subfield>
    <subfield code="c">NLR01</subfield>
    <subfield code="e">RF8</subfield>
    <subfield code="f">1-474806</subfield>
    <subfield code="k">2013-3/18836</subfield>
    <subfield code="o">0</subfield>
    <subfield code="r">BOOK</subfield>
    <subfield code="s">2013318836_</subfield>
  </datafield>
  <datafield tag="995" ind1=" " ind2=" ">
    <subfield code="5">2014-05-26</subfield>
    <subfield code="a">ad</subfield>
    <subfield code="b">NLR01</subfield>
    <subfield code="c">NLR01</subfield>
    <subfield code="e">RF8</subfield>
    <subfield code="f">1-474807</subfield>
    <subfield code="k">2013-3/18836</subfield>
    <subfield code="o">0</subfield>
    <subfield code="r">BOOK</subfield>
    <subfield code="s">2013318836_</subfield>
  </datafield>
</record>
